| 000 | 00637 a2200265 4500 | ||
|---|---|---|---|
| 260 | _aParis | ||
| 630 | _a658 - Gestion commerciale | ||
| 037 | _b1, Achat | ||
| 650 | _a6 - SCIENCES APPLIQUEES | ||
| 100 | _aAlazard, Claude | ||
| 700 | _aSépari, Sabine | ||
| 260 | _bDunod | ||
| 245 | _aContrôle de gestion : DECF (épreuve n°7) Enseignement supérieur, Formation continue | ||
| 300 | _a706 p. | ||
| 650 | _aGestion : contrôle | ||
| 260 | _c1992 | ||
| 300 | _b24cm | ||
| 100 | _lFr | ||
| 037 | _aDe 6469 | ||
| 037 | _aDe 6470 | ||
| 440 | _aGestion Sup | ||
| 020 | _a2-10-001026-3 | ||
| 999 |
_c42068 _d42068 |
||